000 00364nam a2200121Ia 4500
008 191129s9999 xx 000 0 und d
020 _a4806523176699
100 _aDy, Nelson
245 _cNelson Dy
_aSoaring high:
_byour flight plan for your best career ever/
260 _aManila:
_bCSM Publishing
_c2018
300 _a198 p. ;
_c18 cm.
650 _aCareer planning
999 _c362770
_d362770